Elfenbein (Record no. 2535)

MARC details
000 -CABECERA
campo de control de longitud fija 00726nam a2200229 a 4500
001 - NÚMERO DE CONTROL
campo de control BRCA_2795
005 - FECHA Y HORA DE LA ÚLTIMA TRANSACCIÓN
campo de control 20190320203954.0
008 - DATOS DE LONGITUD FIJA--INFORMACIÓN GENERAL
campo de control de longitud fija 081208s1961----gw-a---###---#000-0#ger-u
050 #4 - SIGNATURA TOPOGRÁFICA DE LA BIBLIOTECA DEL CONGRESO
Número de clasificación NK5825
Número de documento/Ítem .P45 1961
100 1# - ENTRADA PRINCIPAL--NOMBRE DE PERSONA
Nombre de persona Philippowich, Eugen von
9 (RLIN) 7846
245 10 - MENCIÓN DE TÍTULO
Título Elfenbein
Mención de responsabilidad, etc. von Eugen von Philippowich.
260 ## - PUBLICACIÓN, DISTRIBUCIÓN, ETC.
Lugar de publicación, distribución, etc. Braunschweig, Alemania
Nombre del editor, distribuidor, etc. Kleimhardt & Biermann
Fecha de publicación, distribución, etc. 1961
300 ## - DESCRIPCIÓN FÍSICA
Extensión 353 p.
Otras características físicas il.
Dimensiones 24 cm.
440 #0 - MENCIÓN DE SERIE/PUNTO DE ACCESO ADICIONAL--TÍTULO
Título Bibliothek fur Kunst-und Antiguitatenfreunde
Número de parte o sección de la obra 17
9 (RLIN) 7847
500 ## - NOTA GENERAL
Nota general A la cabeza de la portada: Ein Handbuch fur Sammler und LieLiebhaber.
500 ## - NOTA GENERAL
Nota general Incluye índice temático.
500 ## - NOTA GENERAL
Nota general AA97
546 ## - NOTA DE LENGUA/LENGUAJE
Nota de lengua/lenguaje Texto en: alemán.
650 14 - PUNTO DE ACCESO ADICIONAL DE MATERIA--TÉRMINO DE MATERIA
Término de materia o nombre geográfico como elemento de entrada Marfiles
9 (RLIN) 7848
902 ## - CATALOGADOR
Iniciales GFM
942 ## - ELEMENTOS DE PUNTO DE ACCESO ADICIONAL (KOHA)
Fuente del sistema de clasificación o colocación Library of Congress Classification
Tipo de ítem Koha Libros
Holdings
Estado de retiro Estado de pérdida Estado dañado No para préstamo Localización permanente Ubicación/localización actual Fecha de adquisición Número de inventario Total de préstamos Signatura topográfica completa Código de barras Fecha visto por última vez Precio válido a partir de Tipo de ítem Koha
El ejemplar forma parte de la colección y puede ser consultado según las políticas vigentes.       Biblioteca del Museo Franz Mayer (Rogerio Casas-Alatriste) Biblioteca del Museo Franz Mayer (Rogerio Casas-Alatriste) 08/12/2008 AA97   NK5825 .P45 1961 (AA97) 2792 22/03/2019 22/03/2019 Libros